00365 a2200133 4500003000500000005001700005040000900022082001100031245008800042505003000130650002100160651003000181655002000211Nust20170207154602.0 cNust a025.34 aBeginners english stage 2 language review: Units : 1-3, side 1: units: 4-7, side 2  aAlmirah No.73 shelf No.6  aEnglish learning aBeginners english stage 2 aLanguage review